000 00776cam a2200205 i 4500
005 20260122102536.0
008 250721s2001 ua gr 000 0 ara d
020 _a9773280330
082 1 4 _a343.096
_bم ح م
100 1 _aمحمدين، جلال وفاء
_eمؤلف.
245 1 2 _aالحماية القانونية للبيئة البحرية من التلوث بالزيت /
_cدكتور جلال وفاء محمدين.
264 3 1 _aالإسكندرية :
_bدار الجامعة الجديدة للنشر،
_c2001.
300 _a162 صفحة.
650 1 7 _aالقانون البحري.
650 1 7 _aمحاكم البحرية.
650 1 7 _aتشريعات البيئة.
650 1 7 _aالتلوث.
942 _2ddc
_cBK
999 _c81088
_d81088